• 首页
  • 本馆介绍
  • 公告通知
  • 最新文献
  • 馆藏检索
  • 电子资源
  • 读者导购
  • 参考咨询
  • 我的图书馆
  • 登录
  • 详细信息显示
  • 放入我的书架
  • 预约/预借图书
  • 作者相关作品
  • 分类相关作品
  • 丛书相关作品
  • 出版社相关作品

书目信息

  • 表格格式
  • 工作单格式
  • 卡片格式
题名:
食品添加剂使用标准速查手册
    
 
作者: 张俭波 , 王华丽 主编 ;国家食品安全风险评估中心 编著
分册:   特殊膳食用食品及其他类分册
出版信息: 北京   中国标准出版社  2017.09
页数: 25页
开本: 21cm
丛书名:
单 册:
中图分类: TS202.3-65
科图分类:
主题词: 食品添加剂--标准--中国--手册
电子资源:
ISBN: 978-7-5066-8208-4
000 01239nam0 2200265 450
001 3788
005 20181008150358.17
010    @a978-7-5066-8208-4@dCNY12.00
100    @a20171116d2017 em y0chiy50 ea
101 0  @achi
102    @aCN@b110000
105    @ak z 000yy
200 1  @a食品添加剂使用标准速查手册@9shi pin tian jia ji shi yong biao zhun su cha shou ce@i特殊膳食用食品及其他类分册@f张俭波,王华丽主编@g国家食品安全风险评估中心编著
210    @a北京@c中国标准出版社@d2017.09
215    @a25页@d21cm
300    @a国家食品安全风险评估中心高层次人才队伍建设523项目
330    @a本书收录了GB2760-2014以及国家卫生计生委2015年第1号公告、2016年第8号、第9号公告和第14号公告、2017年第1号公告和第3号公告的食品添加剂使用规定,不包括食品用香料、食品工业用加工助剂和食品营养强化剂。本册为特殊膳食用食品及其他类分册。
517 1  @a特殊膳食用食品及其他类分册@9te shu shan shi yong shi pin ji qi ta lei fen ce
606 0  @a食品添加剂@x标准@y中国@j手册
690    @aTS202.3-65@v5
701  0 @a张俭波@9zhang jian bo@4主编
701  0 @a王华丽@9wang hua li@4主编
712 02 @a国家食品安全风险评估中心@9guo jia shi pin an quan feng xian ping gu zhong xin@4编著
801  0 @aCN@b91MARC@c20171116
905    @aMuseLib@dTS202.3-65@e284
    
    食品添加剂使用标准速查手册.特殊膳食用食品及其他类分册/张俭波,王华丽主编/国家食品安全风险评估中心编著.-北京:中国标准出版社,2017.09
    25页;21cm
    国家食品安全风险评估中心高层次人才队伍建设523项目
    
    ISBN 978-7-5066-8208-4:CNY12.00
    本书收录了GB2760-2014以及国家卫生计生委2015年第1号公告、2016年第8号、第9号公告和第14号公告、2017年第1号公告和第3号公告的食品添加剂使用规定,不包括食品用香料、食品工业用加工助剂和食品营养强化剂。本册为特殊膳食用食品及其他类分册。
●
相关链接 在E读中查询图书 在五车中查询图书 在当当中查询图书 在豆瓣中查询图书


正题名:食品添加剂使用标准速查手册     索取号:TS202.3-65/284         预约/预借

序号 登录号 条形码 馆藏地/架位号 状态 备注
1 1123727   211237277   第二样本阅览室/ [索取号:TS202.3-65/284] 在馆    
2 1123728   211237286   第三借阅区/ [索取号:TS202.3-65/284] 在馆    
3 1123729   211237295   密集书库-生命科学系/ [索取号:TS202.3-65/284] 在馆    
4 1123730   211237302   第三借阅区/ [索取号:TS202.3-65/284] 在馆    
5 1123731   211237311   第三借阅区/ [索取号:TS202.3-65/284] 在馆    
唐山师范学院图书馆 欢迎您!
大连网信软件有限公司© 版权所有